Выходной каскад звукового сигнализатора; Схемотехника; № 3

গ্রন্থ-পঞ্জীর বিবরন
Parent link:Схемотехника: научно-технический журнал.— , 2002-2007
№ 3.— 2002.— С. 2
প্রধান লেখক: Бутов А. Андрей
ভাষা:রুশ
প্রকাশিত: 2002
মালা:Автоматика
বিষয়গুলি:
বিন্যাস: গ্রন্থের অধ্যায়
KOHA link:https://koha.lib.tpu.ru/cgi-bin/koha/opac-detail.pl?biblionumber=384288

MARC

LEADER 00000naa2a2200000 4500
001 384288
005 20231101063232.0
035 |a (RuTPU)RU\TPU\prd\10847 
090 |a 384288 
100 |a 20030220a2002 k y0rusy50 ca 
101 0 |a rus 
102 |a RU 
200 1 |a Выходной каскад звукового сигнализатора  |f А. Бутов 
225 1 |a Автоматика 
461 1 |0 (RuTPU)RU\TPU\prd\2494  |t Схемотехника  |o научно-технический журнал  |d 2002-2007 
463 1 |0 (RuTPU)RU\TPU\prd\2502  |t № 3  |v С. 2  |d 2002 
610 1 |a сигнализация 
610 1 |a звуковые сигнализаторы 
610 1 |a светозвуковая сигнализация 
610 1 |a логические элементы 
610 1 |a цифровые микросхемы 
700 1 |a Бутов  |b А.  |g Андрей 
801 1 |a RU  |b 63413507  |c 20030220  |g PSBO 
801 2 |a RU  |b 63413507  |c 20131217  |g RCR 
942 |c BK